000 00362nam a22001457a 4500
003 OSt
005 20231212110134.0
008 231212b |||||||| |||| 00| 0 eng d
020 _a576450082
040 _c
245 _aMechanical Engineering Problems and solutions
_cPefley,Richard K
250 _a6
260 _bEngineering Press
_c1997
942 _2ddc
_cRB
_n0
999 _c36015
_d36015